000 00699nam a22001337a 4500
040 _cRUA
082 _aFOR KEO 1997 B124 Or.1
100 _aKEO, SOPHEAK.
245 _acase study of effectiveness of natural resource management and protection in kirirom national park (preah suramarit. kossomak( (ការសិក្សាអំអីប្រសិទ្ធិភាពនៃការគ្រប់គ្រងតំបន់ការពារធម្មជាតិក្នុងករណីឧទ្យានជាតិ (ព្រះសុរាម្រិត​កុសមៈ))
260 _aPhnom Penh
_bRUA
_c1997
300 _a81p.
_bill.
_c29cm.
856 _uKEO SOPHEAK
942 _cFOR
999 _c3103
_d3103